000 00427pab a2200169 454500
008 180718b2011 xxu||||| |||| 00| 0 eng d
100 _aMaxwell, Neville
245 _aThe pre-history of the Sino-Indian border dispute: A note
260 _c2011
300 _ap.31-34.
362 _aFeb 12
650 _aIndia - Boundaries - China
650 _aBoundary disputes
773 _aMainstream
908 _aN
909 _a90704
999 _c90704
_d90704